Podnikům chybí plánovací systém

Podceňovaný význam plánovania v podniku. Operatívne plánovanie. Proces tvorby strednodobého firemného plánu. Schéma štruktúry a väzieb medzi jednotlivými oblasťami ročného súhrnného plánu spoločnosti.

Na minha lista:
Detalhes bibliográficos
Autor principal: Hlisníková, Gabriela
Formato: Capítulo de Livro
Idioma:tcheco
Assuntos:
Tags: Adicionar Tag
Sem tags, seja o primeiro a adicionar uma tag!

MARC

LEADER 00000naa a2200000 4500
001 r035895
005 20231002100427.4
041 0 |a cze 
044 |a CZ 
245 1 0 |a Podnikům chybí plánovací systém  |c Gabriela Hlisníková 
520 |a Podceňovaný význam plánovania v podniku. Operatívne plánovanie. Proces tvorby strednodobého firemného plánu. Schéma štruktúry a väzieb medzi jednotlivými oblasťami ročného súhrnného plánu spoločnosti. 
610 2 0 |a plánovanie podnikové 
610 2 0 |a plán podnikový 
610 2 0 |a plán ročný 
610 2 0 |a plán strednodobý 
610 2 0 |a tvorba plánu 
610 2 0 |a metódy plánovania 
100 1 |a Hlisníková, Gabriela